[Event "Oberliga Baden 1819"]
[Site "Baden"]
[Date "2018.10.21"]
[Round "1.2"]
[White "Riehle, Marco"]
[Black "Gschnitzer, Oswald"]
[Result "1/2-1/2"]
[WhiteElo "2265"]
[BlackElo "2373"]
[PlyCount "83"]
[EventDate "2018.10.21"]
[EventType "team-tourn"]
[EventRounds "9"]
[EventCountry "GER"]
[SourceTitle "EXT 2020"]
[Source "ChessBase"]
[SourceDate "2019.10.17"]
[SourceVersion "1"]
[SourceVersionDate "2019.10.17"]
[SourceQuality "1"]
[WhiteTeam "Sasbach"]
[BlackTeam "Walldorf"]
[WhiteTeamCountry "GER"]
[BlackTeamCountry "GER"]

1. e4 c5 2. Nf3 d6 3. d4 cxd4 4. Nxd4 Nf6 5. Nc3 Nc6 6. f3 e5 7. Nb3 Be7 8. Be3 0-0 9. Qd2 a5 10. Bb5 Be6 11. Nd5 Bxd5 12. exd5 Na7 13. Be2 a4 14. Nc1 Nc8 15. b4 Nb6 16. c4 Rc8 17. Bxb6 Qxb6 18. a3 e4 19. f4 Nd7 20. Na2 Bf6 21. Nc3 Bd4 22. Nxa4 Qa7 23. Nc3 Be3 24. Qc2 Bxf4 25. Qxe4 Be5 26. Nb5 Qb6 27. Rd1 Rce8 28. Qf3 Nf6 29. Qf2 Qd8 30. 0-0 Ne4 31. Qf3 Qg5 32. Bd3 Nd2 33. Bxh7+ Kh8 34. Qh3 Nxf1 35. Bf5+ Qh6 36. Qxh6+ gxh6 37. Rxf1 Ra8 38. g4 b6 39. Kg2 Rad8 40. Rf3 Kg7 41. h4 Bf6 42. Kh3 1/2-1/2

[Event "Baden-Alsace"]
[Site "Karlsruhe"]
[Date "2018.09.16"]
[Round "1.2"]
[White "Gschnitzer, Oswald"]
[Black "Roos, Daniel"]
[Result "0-1"]
[WhiteElo "2379"]
[BlackElo "2334"]
[PlyCount "79"]
[EventDate "2018.09.16"]
[EventType "team-match"]
[EventRounds "1"]
[EventCountry "GER"]
[SourceTitle "EXT 2019"]
[Source "ChessBase"]
[SourceDate "2018.10.10"]
[SourceVersion "1"]
[SourceVersionDate "2018.10.10"]
[SourceQuality "1"]
[WhiteTeam "Baden"]
[BlackTeam "Alsace"]
[WhiteTeamCountry "GER"]
[BlackTeamCountry "FRA"]

1. Nf3 d5 2. c4 e6 3. d4 Nf6 4. Nc3 a6 5. cxd5 exd5 6. Bg5 Be7 7. Qb3 c6 8. e3 0-0 9. Bd3 Nbd7 10. 0-0 h6 11. Bh4 Re8 12. Rae1 c5 13. Bb1 c4 14. Qc2 Nf8 15. Ne5 Ng4 16. Bxe7 Rxe7 17. f4 Nxe5 18. dxe5 d4 19. exd4 Qxd4+ 20. Kh1 Bd7 21. Rd1 Qc5 22. Nd5 Ree8 23. b4 Qc6 24. Qe4 Be6 25. f5 Bxd5 26. Rxd5 Rad8 27. Rfd1 Rxd5 28. Rxd5 c3 29. Qd3 Qc7 30. f6 g6 31. h3 Ne6 32. Rd7 Rd8 33. Rd6 Rxd6 34. exd6 Qd8 35. Qxc3 Qxd6 36. Be4 b6 37. Qc8+ Kh7 38. Qb7 Qc7 39. Qxc7 Nxc7 40. Bb7 0-1

[Event "Oberliga Baden 1718"]
[Site "Baden"]
[Date "2018.02.25"]
[Round "7.3"]
[White "Gasthofer, Alexander"]
[Black "Gschnitzer, Oswald"]
[Result "1/2-1/2"]
[WhiteElo "2419"]
[BlackElo "2388"]
[PlyCount "87"]
[EventDate "2017.10.08"]
[EventType "team-tourn"]
[EventRounds "9"]
[EventCountry "GER"]
[SourceTitle "EXT 2019"]
[Source "ChessBase"]
[SourceDate "2018.10.10"]
[SourceVersion "1"]
[SourceVersionDate "2018.10.10"]
[SourceQuality "1"]
[WhiteTeam "Bad Mergentheim"]
[BlackTeam "Walldorf"]
[WhiteTeamCountry "GER"]
[BlackTeamCountry "GER"]

1. Nf3 c5 2. c4 Nc6 3. Nc3 e5 4. g3 g6 5. Bg2 Bg7 6. a3 d6 7. 0-0 Nge7 8. b4 e4 9. Ne1 f5 10. Bb2 Be6 11. d3 Ne5 12. Rb1 0-0 13. Ba1 Rb8 14. dxe4 Nxc4 15. exf5 gxf5 16. Nd5 Nxa3 17. Bxg7 Kxg7 18. Rb3 Bxd5 19. Bxd5 Nb5 20. bxc5 a6 21. Ng2 Nxd5 22. Qxd5 dxc5 23. Qxc5 Rc8 24. Qb4 Qd6 25. Qa4 Rc3 26. Qa1 Rfc8 27. Nf4 Qe5 28. Rd1 Kg8 29. Rbb1 R3c5 30. Qa2+ Kh8 31. Nd3 Qd5 32. Qb2+ Rc3 33. Nf4 Qe5 34. e3 R3c5 35. Qe2 Nc3 36. Qh5 Qe8 37. Qg5 Nxd1 38. Qf6+ Kg8 39. Qg5+ Kh8 40. Rxb7 R5c7 41. Qf6+ Kg8 42. Qg5+ Kh8 43. Qf6+ Kg8 44. Qg5+ 1/2-1/2

[Event "Oberliga Baden 1718"]
[Site "Baden"]
[Date "2018.02.04"]
[Round "6.3"]
[White "Gschnitzer, Oswald"]
[Black "Schrepp, Martin"]
[Result "1/2-1/2"]
[WhiteElo "2388"]
[BlackElo "2240"]
[PlyCount "56"]
[EventDate "2017.10.08"]
[EventType "team-tourn"]
[EventRounds "9"]
[EventCountry "GER"]
[SourceTitle "EXT 2019"]
[Source "ChessBase"]
[SourceDate "2018.10.10"]
[SourceVersion "1"]
[SourceVersionDate "2018.10.10"]
[SourceQuality "1"]
[WhiteTeam "Walldorf"]
[BlackTeam "Ladenburg"]
[WhiteTeamCountry "GER"]
[BlackTeamCountry "GER"]

1. d4 f5 2. g3 Nf6 3. Bg2 e6 4. Nf3 d5 5. c4 c6 6. 0-0 Bd6 7. b3 Qe7 8. Bb2 b6 9. Ne5 Bb7 10. cxd5 cxd5 11. Qc1 Nbd7 12. Nc4 Rc8 13. Nxd6+ Qxd6 14. Qe3 b5 15. Qd2 Kf7 16. Ba3 Qb6 17. Bb4 Ne4 18. Bxe4 dxe4 19. Na3 a6 20. Rac1 Rxc1 21. Rxc1 Rc8 22. Rxc8 Bxc8 23. Qc3 Bb7 24. e3 Qc6 25. Bc5 e5 26. Nc2 exd4 27. Bxd4 Qxc3 28. Bxc3 Nc5 1/2-1/2

[Event "Oberliga Baden 1718"]
[Site "Baden"]
[Date "2017.10.08"]
[Round "1.3"]
[White "Gschnitzer, Oswald"]
[Black "Haag, Gregor"]
[Result "1-0"]
[WhiteElo "2380"]
[BlackElo "2272"]
[PlyCount "65"]
[EventDate "2017.10.08"]
[EventType "team-tourn"]
[EventRounds "9"]
[EventCountry "GER"]
[SourceTitle "EXT 2019"]
[Source "ChessBase"]
[SourceDate "2018.10.10"]
[SourceVersion "1"]
[SourceVersionDate "2018.10.10"]
[SourceQuality "1"]
[WhiteTeam "Walldorf"]
[BlackTeam "Brombach"]
[WhiteTeamCountry "GER"]
[BlackTeamCountry "GER"]

1. c4 e6 2. Nc3 d5 3. d4 dxc4 4. e4 a6 5. Bxc4 b5 6. Bd3 Bb7 7. Nf3 Nf6 8. e5 Nd5 9. Ne4 h6 10. a4 Nd7 11. 0-0 b4 12. Nfd2 Be7 13. Nc4 a5 14. Qg4 Kf8 15. Ng3 c5 16. Nh5 Bg5 17. f4 N5f6 18. exf6 Nxf6 19. Qe2 Nxh5 20. fxg5 hxg5 21. dxc5 Nf4 22. Bxf4 gxf4 23. Rxf4 g5 24. Qe5 gxf4 25. Qxh8+ Ke7 26. Qh4+ Kf8 27. Qxd8+ Rxd8 28. Nxa5 Bxg2 29. Kxg2 Rxd3 30. Nc4 Rd5 31. a5 Rxc5 32. a6 Rxc4 33. a7 1-0

[Event "Oberliga Baden 1617"]
[Site "Baden"]
[Date "2017.01.15"]
[Round "4.2"]
[White "Gschnitzer, Oswald"]
[Black "Dobosz, Henryk"]
[Result "1/2-1/2"]
[WhiteElo "2395"]
[BlackElo "2390"]
[PlyCount "121"]
[EventDate "2016.10.16"]
[EventType "team-tourn"]
[EventRounds "9"]
[EventCountry "GER"]
[SourceTitle "EXT 2018"]
[Source "ChessBase"]
[SourceDate "2017.10.13"]
[SourceVersion "1"]
[SourceVersionDate "2017.10.13"]
[SourceQuality "1"]
[WhiteTeam "Walldorf"]
[BlackTeam "Buchen"]
[WhiteTeamCountry "GER"]
[BlackTeamCountry "GER"]

1. Nf3 d5 2. d4 Nf6 3. c4 e6 4. Nc3 Be7 5. Bg5 h6 6. Bxf6 Bxf6 7. Qd2 c5 8. dxc5 dxc4 9. Qxd8+ Kxd8 10. 0-0-0+ Ke7 11. Nd4 Bd7 12. e3 Rc8 13. Bxc4 Rxc5 14. Be2 Bc6 15. f3 Nd7 16. Kb1 Nb6 17. Nxc6+ Rxc6 18. Ne4 Nd5 19. Rd3 Rac8 20. Nxf6 gxf6 21. Rhd1 Rc2 22. Bf1 f5 23. e4 fxe4 24. fxe4 Nf6 25. e5 Nd5 26. R3d2 Rxd2 27. Rxd2 Rc5 28. Bd3 Nb4 29. Be4 Rxe5 30. Rd4 Nd5 31. Bf3 Kf6 32. Kc1 b6 33. Kd2 Rg5 34. b4 Ke5 35. Rh4 Rg6 36. Re4+ Kd6 37. b5 f5 38. Ra4 Rg7 39. Rc4 Rc7 40. Bxd5 exd5 41. Rh4 Rc5 42. Rxh6+ Ke5 43. a4 Rc4 44. a5 bxa5 45. Ra6 Rb4 46. Rxa5 Rb2+ 47. Kc3 Rxg2 48. Rxa7 Rxh2 49. Re7+ Kd6 50. Rf7 Ke6 51. Rf8 Rh4 52. Re8+ Kd6 53. Rf8 Rc4+ 54. Kd3 Ke5 55. Re8+ Kf4 56. Rd8 Rc5 57. b6 Rb5 58. Rb8 Kf3 59. b7 f4 60. Kd4 Kf2 61. Rf8 1/2-1/2